000 00606nam a22001457a 4500
008 120503t xxu||||| |||| 00| 0 eng d
050 _aHE5618.W4
100 _aWeille, Jan De
245 _aQuantification of road user savings. /
_cJan De Weille
260 _aU.S.A.:
_bJohn Hopkins Press,
_c1966.
300 _axiv, 93 p.:
_bill.;
_c22cm.
505 _aContents: Introduction -- Basic tables -- Conclusions and qualifications -- Source and methods -- Road user savings per vehicle in perspective -- Glossary and list of sources.
650 _bTransportation, Automotive
_x Cost of operation
942 _2lcc
_cBK
999 _c808
_d8308